000 00926nam a22002655 4500
001 190566
003 ES-MaACL
005 20250812014740.0
008 210930s1989 sp a 001 0 spa
020 _a84-207-3536-1
080 _a7.032.2
100 1 _aPresedo, Francisco (
_d1923-2000)
_993779
245 1 3 _aEl arte del antiguo Egipto /
_cFrancisco Presedo ; [ilustraciones, Carlos Álvarez Galindo].
260 _aMadrid :
_bAnaya,
_c[1989]
300 _a96 p. :
_bil. col. ;
_c19 cm.
490 1 _aBiblioteca básica de arte
504 _aBibliografía: p. 96.
650 7 _aArte egipcio
_2embne
_910185
830 1 _aBiblioteca básica de arte
_9225906
852 4 _aES-MaACL
_jA-14789
_9 197744
_bR.152254
_cDEPO1
_dOlim: N-7789
_hDonación: José Lázaro
903 _9234219
_aLázaro García, José
_ednr
942 _2udc
_cMONOGRAFIA
999 _c190566
_d190566